Normal view
MARC view
Entry Topical Term
001 - CONTROL NUMBER
- control field: 29455
003 - CONTROL NUMBER IDENTIFIER
- control field: OSt
005 - DATE AND TIME OF LATEST TRANSACTION
- control field: 20241204082544.0
008 - FIXED-LENGTH DATA ELEMENTS
- fixed length control field: 241204|| aca||aabn | a|a d
040 ## - CATALOGING SOURCE
- Original cataloging agency: OSt
- Transcribing agency: OSt
150 ## - HEADING--TOPICAL TERM
- Topical term or geographic name entry element: Horror tales
- Form subdivision: Fiction
- Form subdivision: Horror
- Form subdivision: Short stories
- Form subdivision: Video games fiction
670 ## - SOURCE DATA FOUND
- Source citation: Work cat.: (OSt): Cawthon, Scott. 29454, Five nights at Freddy's. faxbear frights 1 : into the pit / , 2019